Modern Institutions

Shranjeno v:
Bibliografske podrobnosti
Format: Knjiga
Izdano: Vietnam Consultative Group Meeting 2009
Oznake: Označite
Brez oznak, prvi označite!
Thư viện lưu trữ: Mạng thư viện Đại học Đà Nẵng
LEADER 00516nam a2200205 a 4500
001 000029098
003 33527
005 20171030145630.0
008 171030s2009
040 |a LTT 
082 0 |a 306.2  |b Mo-I 
245 0 0 |a Modern Institutions  |c Vietnam Development Report 2010. 
260 |b Vietnam Consultative Group Meeting  |c 2009 
OWN |a LTT 
999 |a From the UDN01 
TYP |a Monograph 
TYP |a Printed language 
980 |a Mạng thư viện Đại học Đà Nẵng